000 00592nam a2200181 a 4500
001 000023806
005 20200930022459.0
008 110113s1976 pr r 001 0 spa d
040 _aDO-SdBNP
_bspa
_cBNPHU
082 _axxxx
_bxxxx
100 1 _aPedreira, Antonio S.
_923543
245 1 0 _aHostos :
_bciudadano de América /
_cAntonio S. Pedreira.
260 _aRío Piedras :
_bEdil,
_c1976.
300 _a222 p. ;
_c18 cm.
490 1 _aClasicos Puertorriqueños
500 _aIncluye referencias bibliográficas y notas al pie de las páginas.
830 0 _aClasicos Puertorriqueños
_949005
999 _c23302
_d23302